[Event "AsianNationCup2018-WomenRapid"]
[Site "?"]
[Date "2018.07.27"]
[Round "3.6"]
[White "Kurbonboeva, Sarvinoz"]
[Black "Kalvandi, Nashmil"]
[Result "1-0"]
[BlackElo "1503"]
[WhiteElo "2140"]
[LiveChessVersion "1.4.8"]

1. d4 {[%clk 0:15:17]} Nf6 {[%clk 0:15:09]} 2. c4 {[%clk 0:15:26]} g6
{[%clk 0:15:18]} 3. Nc3 {[%clk 0:15:33]} d5 {[%clk 0:15:26]} 4. cxd5
{[%clk 0:15:36]} Nxd5 {[%clk 0:15:35]} 5. Bd2 {[%clk 0:15:45]} Bg7
{[%clk 0:15:42]} 6. e4 {[%clk 0:15:51]} Nxc3 {[%clk 0:15:49]} 7. Bxc3
{[%clk 0:15:59]} c5 {[%clk 0:15:34]} 8. d5 {[%clk 0:15:43]} Bxc3+
{[%clk 0:15:05]} 9. bxc3 {[%clk 0:15:53]} O-O {[%clk 0:15:09]} 10. Qd2
{[%clk 0:15:19]} Qd6 {[%clk 0:14:12]} 11. Bc4 {[%clk 0:13:46]} Nd7
{[%clk 0:13:33]} 12. Nf3 {[%clk 0:13:29]} Nb6 {[%clk 0:13:02]} 13. Be2
{[%clk 0:12:04]} Rd8 {[%clk 0:11:46]} 14. O-O {[%clk 0:11:11]} Bg4
{[%clk 0:10:41]} 15. Qe3 {[%clk 0:08:38]} e6 {[%clk 0:07:11]} 16. dxe6
{[%clk 0:06:22]} Bxe6 {[%clk 0:05:35]} 17. e5 {[%clk 0:05:02]} Qe7
{[%clk 0:05:08]} 18. Ng5 {[%clk 0:04:03]} Nd5 {[%clk 0:04:30]} 19. Qg3
{[%clk 0:04:12]} Nxc3 {[%clk 0:04:13]} 20. Bf3 {[%clk 0:03:57]} Nd5
{[%clk 0:03:17]} 21. Ne4 {[%clk 0:03:00]} Rd7 {[%clk 0:02:20]} 22. Rac1
{[%clk 0:02:49]} Rc8 {[%clk 0:02:06]} 23. Rfd1 {[%clk 0:02:58]} c4
{[%clk 0:01:35]} 24. Rxd5 {[%clk 0:02:30]} Rxd5 {[%clk 0:01:23]} 25. Nf6+
{[%clk 0:02:38]} Kg7 {[%clk 0:01:31]} 26. Nxd5 {[%clk 0:02:21]} Bxd5
{[%clk 0:01:38]} 27. Bxd5 {[%clk 0:02:29]} b5 {[%clk 0:01:44]} 28. h4
{[%clk 0:02:18]} a5 {[%clk 0:01:40]} 29. h5 {[%clk 0:02:20]} Rc5 {[%clk 0:01:26]}
30. Qf3 {[%clk 0:02:11]} Rc7 {[%clk 0:01:20]} 31. Qe3 {[%clk 0:01:51]} h6
{[%clk 0:01:10]} 32. hxg6 {[%clk 0:01:22]} fxg6 {[%clk 0:01:18]} 33. e6
{[%clk 0:01:09]} Qf6 {[%clk 0:01:19]} 34. Re1 {[%clk 0:00:57]} Re7
{[%clk 0:01:28]} 35. Qc5 {[%clk 0:00:48]} c3 {[%clk 0:01:26]} 36. Qxb5
{[%clk 0:00:51]} Rc7 {[%clk 0:01:22]} 37. Qxa5 {[%clk 0:00:49]} Qe7
{[%clk 0:01:16]} 38. Bb3 {[%clk 0:00:42]} Qd6 {[%clk 0:00:48]} 39. e7
{[%clk 0:00:33]} Rxe7 {[%clk 0:00:53]} 40. Qxc3+ {[%clk 0:00:42]} Kh7
{[%clk 0:01:01]} 41. Rxe7+ Qxe7 {[%clk 0:01:10]} 42. a4 {[%clk 0:00:52]} h5
{[%clk 0:01:03]} 43. g3 {[%clk 0:00:59]} Qe4 {[%clk 0:01:08]} 44. Qc4
{[%clk 0:01:02]} Qe1+ {[%clk 0:01:09]} 45. Kg2 {[%clk 0:01:11]} Qe5
{[%clk 0:01:08]} 46. Qf7+ {[%clk 0:00:59]} Kh6 {[%clk 0:01:15]} 47. Bc2
{[%clk 0:01:05]} Qd6 {[%clk 0:01:21]} 48. Qf4+ {[%clk 0:00:56]} 1-0

[Event "AsianNationCup2018-WomenRapid"]
[Site "?"]
[Date "2018.07.27"]
[Round "3.7"]
[White "Mobarhani, Nazanin"]
[Black "Gevorgyan, Irina"]
[Result "0-1"]
[BlackElo "2142"]
[WhiteElo "1703"]
[LiveChessVersion "1.4.8"]

1. e4 {[%clk 0:15:17]} c5 {[%clk 0:15:26]} 2. Nf3 {[%clk 0:15:23]} e6
{[%clk 0:15:33]} 3. c3 {[%clk 0:15:29]} d5 {[%clk 0:15:38]} 4. exd5
{[%clk 0:15:37]} Qxd5 {[%clk 0:15:46]} 5. d4 {[%clk 0:15:42]} Nf6
{[%clk 0:15:54]} 6. Be3 {[%clk 0:15:47]} cxd4 {[%clk 0:16:02]} 7. cxd4
{[%clk 0:15:56]} Bb4+ {[%clk 0:16:09]} 8. Nc3 {[%clk 0:15:45]} O-O
{[%clk 0:16:11]} 9. Bd3 {[%clk 0:15:24]} b6 {[%clk 0:13:10]} 10. O-O
{[%clk 0:15:23]} Bxc3 {[%clk 0:13:15]} 11. bxc3 {[%clk 0:15:32]} Ba6
{[%clk 0:13:20]} 12. Re1 {[%clk 0:12:53]} Bxd3 {[%clk 0:12:13]} 13. Qxd3
{[%clk 0:13:01]} Rc8 {[%clk 0:11:14]} 14. Bg5 {[%clk 0:11:25]} Nbd7
{[%clk 0:11:01]} 15. Bxf6 {[%clk 0:10:15]} Nxf6 {[%clk 0:11:04]} 16. Ne5
{[%clk 0:09:34]} Nd7 {[%clk 0:10:33]} 17. f4 {[%clk 0:07:08]} Nxe5
{[%clk 0:09:11]} 18. Rxe5 {[%clk 0:06:28]} Qc4 {[%clk 0:09:15]} 19. Re3
{[%clk 0:06:37]} Qxd3 {[%clk 0:09:14]} 20. Rxd3 {[%clk 0:06:46]} Rc4
{[%clk 0:09:20]} 21. Rb1 {[%clk 0:06:08]} Rac8 {[%clk 0:09:17]} 22. Rb3
{[%clk 0:06:17]} Ra4 {[%clk 0:09:14]} 23. a3 {[%clk 0:05:59]} g6 {[%clk 0:09:00]}
24. Kf2 {[%clk 0:06:00]} Ra5 {[%clk 0:08:58]} 25. Ke3 {[%clk 0:05:09]} Rc4
{[%clk 0:08:54]} 26. Rd2 {[%clk 0:05:16]} Rca4 {[%clk 0:06:50]} 27. Ra2
{[%clk 0:05:24]} Kf8 {[%clk 0:06:19]} 28. Kd3 {[%clk 0:05:17]} Rf5
{[%clk 0:05:50]} 29. g3 {[%clk 0:04:42]} h6 {[%clk 0:04:43]} 30. Rb4
{[%clk 0:04:25]} Raa5 {[%clk 0:04:49]} 31. Ke3 {[%clk 0:02:12]} g5
{[%clk 0:04:49]} 32. fxg5 {[%clk 0:01:59]} hxg5 {[%clk 0:04:57]} 33. Rbb2
{[%clk 0:00:32]} Rf1 {[%clk 0:03:08]} 34. Rf2 {[%clk 0:00:21]} Re1+
{[%clk 0:02:41]} 35. Kd2 {[%clk 0:00:23]} Rb1 {[%clk 0:01:47]} 36. Kc2
{[%clk 0:00:31]} Rh1 {[%clk 0:01:53]} 37. Kd3 {[%clk 0:00:16]} g4
{[%clk 0:01:31]} 38. c4 {[%clk 0:00:18]} Rc1 {[%clk 0:01:32]} 39. Rfc2
{[%clk 0:00:25]} Rd1+ {[%clk 0:01:39]} 40. Rd2 {[%clk 0:00:34]} Rb1
{[%clk 0:01:46]} 41. Kc3 {[%clk 0:00:41]} Rc1+ {[%clk 0:01:44]} 42. Rdc2
{[%clk 0:00:37]} Rd1 {[%clk 0:01:49]} 43. Rd2 {[%clk 0:00:43]} Rc1+
{[%clk 0:01:52]} 44. Rdc2 {[%clk 0:00:48]} Rf1 {[%clk 0:01:55]} 45. Rd2
{[%clk 0:00:32]} Rc1+ {[%clk 0:01:49]} 46. Kd3 {[%clk 0:00:26]} Ra4
{[%clk 0:01:54]} 47. Rdc2 {[%clk 0:00:12]} Rf1 {[%clk 0:01:48]} 48. Re2
{[%clk 0:00:11]} Rf3+ {[%clk 0:01:55]} 49. Re3 {[%clk 0:00:20]} Rxe3+
{[%clk 0:02:04]} 50. Kxe3 {[%clk 0:00:29]} Rxc4 {[%clk 0:02:13]} 51. Ke4
{[%clk 0:00:16]} Ke7 {[%clk 0:02:21]} 52. Kd3 {[%clk 0:00:12]} Ra4
{[%clk 0:02:24]} 53. Kc3 {[%clk 0:00:15]} Kd6 {[%clk 0:02:31]} 54. Kd3
{[%clk 0:00:14]} Kd5 {[%clk 0:02:39]} 55. Rf2 {[%clk 0:00:13]} Rxd4+
{[%clk 0:02:45]} 56. Kc3 {[%clk 0:00:22]} f5 {[%clk 0:02:52]} 57. Re2
{[%clk 0:00:28]} Rd1 {[%clk 0:02:55]} 58. Kc2 {[%clk 0:00:18]} Rd4
{[%clk 0:02:55]} 59. Kc3 {[%clk 0:00:24]} Rc4+ {[%clk 0:03:03]} 60. Kb3
{[%clk 0:00:26]} b5 {[%clk 0:03:12]} 61. Rd2+ {[%clk 0:00:30]} Rd4
{[%clk 0:03:18]} 62. Rc2 {[%clk 0:00:32]} a5 {[%clk 0:03:21]} 0-1

[Event "AsianNationCup2018-WomenRapid"]
[Site "?"]
[Date "2018.07.27"]
[Round "3.8"]
[White "Baymuratova, Sevara"]
[Black "Gholami Orimi, Anahita"]
[Result "1/2-1/2"]
[BlackElo "1742"]
[WhiteElo "2129"]
[LiveChessVersion "1.4.8"]

1. d4 {[%clk 0:15:19]} Nf6 {[%clk 0:15:18]} 2. c4 {[%clk 0:15:24]} e6
{[%clk 0:15:27]} 3. Nf3 {[%clk 0:15:31]} d5 {[%clk 0:15:27]} 4. g3
{[%clk 0:15:37]} dxc4 {[%clk 0:15:15]} 5. Bg2 {[%clk 0:15:45]} c5
{[%clk 0:15:09]} 6. O-O {[%clk 0:15:52]} Nc6 {[%clk 0:15:01]} 7. dxc5
{[%clk 0:15:04]} Qxd1 {[%clk 0:14:59]} 8. Rxd1 {[%clk 0:15:13]} Bxc5
{[%clk 0:15:00]} 9. Nbd2 {[%clk 0:14:58]} c3 {[%clk 0:14:20]} 10. bxc3
{[%clk 0:15:04]} O-O {[%clk 0:14:22]} 11. Nb3 {[%clk 0:15:12]} Be7
{[%clk 0:13:57]} 12. Nfd4 {[%clk 0:14:25]} Nxd4 {[%clk 0:11:20]} 13. cxd4
{[%clk 0:14:29]} Rd8 {[%clk 0:09:41]} 14. Bb2 {[%clk 0:14:18]} Rb8
{[%clk 0:08:53]} 15. Rac1 {[%clk 0:13:47]} Bd6 {[%clk 0:08:08]} 16. e4
{[%clk 0:13:51]} Ne8 {[%clk 0:07:27]} 17. e5 {[%clk 0:12:55]} Bf8
{[%clk 0:06:43]} 18. Na5 {[%clk 0:11:41]} Bb4 {[%clk 0:06:26]} 19. Bc3
{[%clk 0:11:01]} Bxa5 {[%clk 0:06:33]} 20. Bxa5 {[%clk 0:11:09]} b6
{[%clk 0:06:40]} 21. Bb4 {[%clk 0:10:59]} Bb7 {[%clk 0:06:41]} 22. a4
{[%clk 0:08:49]} Bxg2 {[%clk 0:05:54]} 23. Kxg2 {[%clk 0:08:58]} Rd7
{[%clk 0:05:56]} 24. Kf3 {[%clk 0:08:29]} Rbd8 {[%clk 0:05:55]} 25. Ke4
{[%clk 0:08:31]} Nc7 {[%clk 0:05:54]} 26. Bd6 {[%clk 0:08:37]} Ne8
{[%clk 0:06:03]} 27. Ba3 {[%clk 0:08:21]} Nc7 {[%clk 0:06:06]} 28. Rc6
{[%clk 0:08:17]} Nd5 {[%clk 0:05:37]} 29. Rdc1 {[%clk 0:08:15]} h6
{[%clk 0:04:26]} 30. R1c4 {[%clk 0:07:24]} Ne7 {[%clk 0:03:05]} 31. Bxe7
{[%clk 0:07:20]} Rxe7 {[%clk 0:03:15]} 32. a5 {[%clk 0:07:26]} bxa5
{[%clk 0:03:14]} 33. R6c5 {[%clk 0:07:20]} Rb7 {[%clk 0:02:55]} 34. Rxa5
{[%clk 0:07:28]} Rdd7 {[%clk 0:03:00]} 35. h4 {[%clk 0:07:30]} Rb2
{[%clk 0:02:31]} 36. Ke3 {[%clk 0:06:47]} Rb3+ {[%clk 0:02:28]} 37. Ke2
{[%clk 0:06:30]} Rb2+ {[%clk 0:02:33]} 38. Kf3 {[%clk 0:06:27]} Rb3+
{[%clk 0:02:35]} 39. Ke2 {[%clk 0:05:43]} Rb2+ {[%clk 0:02:41]} 40. Ke3
{[%clk 0:05:41]} Rb3+ {[%clk 0:02:48]} 41. Ke4 {[%clk 0:05:40]} Rb2
{[%clk 0:02:55]} 42. f3 {[%clk 0:05:39]} h5 {[%clk 0:02:09]} 43. Rca4
{[%clk 0:05:35]} Re2+ {[%clk 0:01:44]} 44. Kf4 {[%clk 0:05:43]} Rd2
{[%clk 0:01:49]} 45. Ke3 {[%clk 0:05:51]} Rg2 {[%clk 0:01:57]} 46. Kf4
{[%clk 0:05:12]} Rd2 {[%clk 0:02:06]} 47. Rxa7 {[%clk 0:04:16]} R2xd4+
{[%clk 0:01:30]} 48. Rxd4 {[%clk 0:04:23]} Rxd4+ {[%clk 0:01:38]} 49. Ke3
{[%clk 0:04:04]} Rb4 {[%clk 0:01:41]} 50. Ra8+ {[%clk 0:03:34]} Kh7
{[%clk 0:01:50]} 51. Ra7 {[%clk 0:03:17]} Kg8 {[%clk 0:01:58]} 52. Rd7
{[%clk 0:03:17]} g6 {[%clk 0:01:52]} 53. Rd4 {[%clk 0:03:06]} Rb3+
{[%clk 0:01:55]} 54. Kf4 {[%clk 0:03:14]} Kg7 {[%clk 0:02:01]} 55. g4
{[%clk 0:03:14]} hxg4 {[%clk 0:01:54]} 56. fxg4 {[%clk 0:03:21]} Rh3
{[%clk 0:01:56]} 57. Kg5 {[%clk 0:02:52]} Re3 {[%clk 0:02:03]} 58. Kf4
{[%clk 0:02:56]} Rh3 {[%clk 0:02:11]} 1/2-1/2

[Event "AsianNationCup2018-WomenRapid"]
[Site "?"]
[Date "2018.07.27"]
[Round "4.1"]
[White "Pham, Le Thao Nguyen"]
[Black "Harika, Dronavalli"]
[Result "1/2-1/2"]
[BlackElo "2480"]
[WhiteElo "2456"]
[LiveChessVersion "1.4.8"]

1. d4 {[%clk 0:15:18]} d6 {[%clk 0:15:18]} 2. Nf3 {[%clk 0:15:26]} g6
{[%clk 0:15:20]} 3. c4 {[%clk 0:15:20]} Nf6 {[%clk 0:15:10]} 4. g3
{[%clk 0:15:15]} Bg7 {[%clk 0:15:17]} 5. Bg2 {[%clk 0:15:22]} O-O
{[%clk 0:15:24]} 6. O-O {[%clk 0:15:24]} Nbd7 {[%clk 0:15:31]} 7. Nc3
{[%clk 0:14:36]} e5 {[%clk 0:15:34]} 8. e3 {[%clk 0:13:00]} Re8 {[%clk 0:15:24]}
9. b4 {[%clk 0:12:10]} c6 {[%clk 0:15:02]} 10. b5 {[%clk 0:07:55]} Qc7
{[%clk 0:13:16]} 11. Ba3 {[%clk 0:06:24]} Bf8 {[%clk 0:12:42]} 12. Qb3
{[%clk 0:06:05]} Nb6 {[%clk 0:07:50]} 13. Rfc1 {[%clk 0:05:53]} Bf5
{[%clk 0:05:18]} 14. Na4 {[%clk 0:04:24]} Nxa4 {[%clk 0:04:54]} 15. Qxa4
{[%clk 0:04:32]} Be4 {[%clk 0:03:57]} 16. Qb3 {[%clk 0:03:56]} exd4
{[%clk 0:03:32]} 17. Nxd4 {[%clk 0:03:54]} Bxg2 {[%clk 0:03:32]} 18. Kxg2
{[%clk 0:04:02]} Ne4 {[%clk 0:03:16]} 19. Nf3 {[%clk 0:03:57]} Bg7
{[%clk 0:02:59]} 20. Rab1 {[%clk 0:03:55]} Nc5 {[%clk 0:02:47]} 21. Bxc5
{[%clk 0:03:58]} dxc5 {[%clk 0:02:56]} 22. bxc6 {[%clk 0:03:59]} bxc6
{[%clk 0:02:48]} 23. Qa3 {[%clk 0:03:43]} Qe7 {[%clk 0:02:42]} 24. Qa4
{[%clk 0:03:31]} Rac8 {[%clk 0:02:31]} 25. Qc2 {[%clk 0:03:35]} Bf6
{[%clk 0:02:28]} 26. Rb3 {[%clk 0:03:43]} Rc7 {[%clk 0:02:36]} 27. Rcb1
{[%clk 0:03:51]} Kg7 {[%clk 0:02:44]} 28. Rb8 {[%clk 0:03:23]} Rxb8
{[%clk 0:01:55]} 29. Rxb8 {[%clk 0:03:31]} Qe6 {[%clk 0:01:56]} 30. a4
{[%clk 0:03:33]} a5 {[%clk 0:01:03]} 31. Nd2 {[%clk 0:02:53]} Re7
{[%clk 0:00:59]} 32. h4 {[%clk 0:02:08]} h5 {[%clk 0:01:07]} 33. Rb1
{[%clk 0:01:50]} Qe5 {[%clk 0:01:10]} 34. Nb3 {[%clk 0:01:43]} Ra7
{[%clk 0:00:55]} 35. Nd2 {[%clk 0:01:26]} Qc3 {[%clk 0:00:41]} 36. Qxc3
{[%clk 0:01:27]} Bxc3 {[%clk 0:00:50]} 37. Ne4 {[%clk 0:01:36]} Bb4
{[%clk 0:00:59]} 38. Rd1 {[%clk 0:01:44]} Re7 {[%clk 0:01:08]} 39. Ng5
{[%clk 0:00:47]} f6 {[%clk 0:01:01]} 40. Nf3 {[%clk 0:00:53]} Kf7
{[%clk 0:01:01]} 41. Kf1 {[%clk 0:01:00]} Rb7 {[%clk 0:01:06]} 42. Rd6
{[%clk 0:00:55]} Rc7 {[%clk 0:01:15]} 43. Rd8 {[%clk 0:00:58]} Bc3
{[%clk 0:01:16]} 44. Rb8 {[%clk 0:00:55]} Rd7 {[%clk 0:01:07]} 45. Ke2
{[%clk 0:01:03]} Ke6 {[%clk 0:01:03]} 46. Rg8 {[%clk 0:00:56]} Kf7
{[%clk 0:01:09]} 47. Rc8 {[%clk 0:01:05]} Rd6 {[%clk 0:01:12]} 48. Rc7+
{[%clk 0:01:13]} Kf8 {[%clk 0:00:28]} 49. Rb7 {[%clk 0:01:12]} Bb4
{[%clk 0:00:37]} 50. Rc7 {[%clk 0:00:53]} Bc3 {[%clk 0:00:43]} 51. Ne1
{[%clk 0:00:32]} Rd2+ {[%clk 0:00:36]} 52. Kf3 {[%clk 0:00:41]} Ra2
{[%clk 0:00:34]} 53. Nd3 {[%clk 0:00:49]} Rxa4 {[%clk 0:00:31]} 54. Nxc5
{[%clk 0:00:25]} Rxc4 {[%clk 0:00:16]} 55. Ne6+ {[%clk 0:00:23]} Ke8
{[%clk 0:00:23]} 56. Ng7+ {[%clk 0:00:29]} Kd8 {[%clk 0:00:30]} 57. Ne6+
{[%clk 0:00:38]} Ke8 {[%clk 0:00:39]} 58. Ng7+ {[%clk 0:00:45]} Kd8
{[%clk 0:00:42]} 59. Ne6+ {[%clk 0:00:54]} Ke8 {[%clk 0:00:51]} 60. Ke4
{[%clk 0:00:37]} 1/2-1/2

[Event "AsianNationCup2018-WomenRapid"]
[Site "?"]
[Date "2018.07.27"]
[Round "4.2"]
[White "Padmini, Rout"]
[Black "Hoang, Thi Bao Tram"]
[Result "0-1"]
[BlackElo "2329"]
[WhiteElo "2417"]
[LiveChessVersion "1.4.8"]

1. e4 {[%clk 0:15:16]} c6 {[%clk 0:15:17]} 2. d4 {[%clk 0:15:19]} d5
{[%clk 0:15:24]} 3. e5 {[%clk 0:15:27]} g6 {[%clk 0:15:26]} 4. c4
{[%clk 0:14:04]} Be6 {[%clk 0:15:20]} 5. cxd5 {[%clk 0:13:35]} Bxd5
{[%clk 0:15:27]} 6. Nc3 {[%clk 0:13:43]} Bg7 {[%clk 0:15:11]} 7. Nh3
{[%clk 0:13:10]} Qb6 {[%clk 0:13:05]} 8. Nf4 {[%clk 0:12:25]} e6 {[%clk 0:13:10]}
9. Nfxd5 {[%clk 0:09:10]} exd5 {[%clk 0:13:15]} 10. g4 {[%clk 0:08:25]} Nd7
{[%clk 0:12:04]} 11. Bh3 {[%clk 0:07:51]} Ne7 {[%clk 0:09:45]} 12. O-O
{[%clk 0:07:56]} O-O {[%clk 0:07:32]} 13. g5 {[%clk 0:06:27]} Rad8
{[%clk 0:07:29]} 14. Ne2 {[%clk 0:05:50]} c5 {[%clk 0:05:35]} 15. f4
{[%clk 0:05:55]} cxd4 {[%clk 0:05:23]} 16. Qxd4 {[%clk 0:05:39]} h6
{[%clk 0:03:58]} 17. Bxd7 {[%clk 0:04:46]} Rxd7 {[%clk 0:03:29]} 18. Qxb6
{[%clk 0:04:37]} axb6 {[%clk 0:03:37]} 19. gxh6 {[%clk 0:04:44]} Bxh6
{[%clk 0:03:44]} 20. Be3 {[%clk 0:04:52]} b5 {[%clk 0:03:36]} 21. Nd4
{[%clk 0:05:00]} Rc8 {[%clk 0:03:11]} 22. Rfc1 {[%clk 0:04:10]} Rc4
{[%clk 0:03:06]} 23. b3 {[%clk 0:04:11]} Bxf4 {[%clk 0:03:09]} 24. Kf2
{[%clk 0:03:43]} Rxd4 {[%clk 0:03:12]} 25. Bxd4 {[%clk 0:03:49]} Bxc1
{[%clk 0:03:18]} 26. Rxc1 {[%clk 0:03:58]} Nc6 {[%clk 0:03:26]} 27. Ke3
{[%clk 0:03:21]} b4 {[%clk 0:03:19]} 28. Rc5 {[%clk 0:03:12]} Kf8
{[%clk 0:03:21]} 29. Rc2 {[%clk 0:03:00]} Ke8 {[%clk 0:03:00]} 30. h4
{[%clk 0:02:40]} Kd8 {[%clk 0:02:37]} 31. h5 {[%clk 0:02:42]} gxh5
{[%clk 0:02:42]} 32. Rh2 {[%clk 0:02:51]} Re7 {[%clk 0:02:44]} 33. Rxh5
{[%clk 0:02:40]} f6 {[%clk 0:02:14]} 34. e6 {[%clk 0:02:34]} Rxe6+
{[%clk 0:02:22]} 35. Kd3 {[%clk 0:02:43]} Ne5+ {[%clk 0:02:27]} 36. Kd2
{[%clk 0:02:28]} Kd7 {[%clk 0:02:23]} 37. Bc5 {[%clk 0:02:28]} Ra6
{[%clk 0:02:26]} 38. Bxb4 {[%clk 0:02:17]} Rxa2+ {[%clk 0:02:34]} 39. Kd1
{[%clk 0:02:10]} Rf2 {[%clk 0:01:45]} 40. Rh7+ {[%clk 0:01:41]} Kc6
{[%clk 0:01:50]} 41. Rh6 {[%clk 0:01:45]} d4 {[%clk 0:01:10]} 42. Be7
{[%clk 0:01:44]} Ng4 {[%clk 0:00:44]} 43. Rg6 {[%clk 0:01:32]} Rf4
{[%clk 0:00:53]} 44. Ke2 {[%clk 0:01:32]} Kd5 {[%clk 0:01:01]} 45. Rg7
{[%clk 0:01:26]} f5 {[%clk 0:00:28]} 46. Bg5 {[%clk 0:01:01]} Re4+
{[%clk 0:00:36]} 47. Kd1 {[%clk 0:00:54]} b5 {[%clk 0:00:35]} 48. Rd7+
{[%clk 0:01:00]} Kc6 {[%clk 0:00:38]} 49. Rf7 {[%clk 0:01:02]} Re5
{[%clk 0:00:36]} 50. Bf4 {[%clk 0:01:04]} Rc5 {[%clk 0:00:37]} 51. b4
{[%clk 0:01:00]} Rc4 {[%clk 0:00:21]} 52. Bd2 {[%clk 0:01:02]} Ne3+
{[%clk 0:00:20]} 53. Ke2 {[%clk 0:01:06]} Nd5 {[%clk 0:00:14]} 54. Rxf5
{[%clk 0:00:57]} Nxb4 {[%clk 0:00:22]} 55. Rh5 {[%clk 0:00:45]} Nd5
{[%clk 0:00:25]} 56. Kd3 {[%clk 0:00:50]} Ra4 {[%clk 0:00:29]} 57. Rh8
{[%clk 0:00:52]} Ra2 {[%clk 0:00:16]} 58. Be1 {[%clk 0:00:44]} Ra4
{[%clk 0:00:14]} 59. Bd2 {[%clk 0:00:46]} Nb6 {[%clk 0:00:15]} 60. Be1
{[%clk 0:00:39]} Nd7 {[%clk 0:00:18]} 61. Rh6+ {[%clk 0:00:41]} Kd5
{[%clk 0:00:25]} 62. Rh5+ {[%clk 0:00:45]} Ne5+ {[%clk 0:00:35]} 63. Kd2
{[%clk 0:00:50]} Ke4 {[%clk 0:00:39]} 64. Rh4+ {[%clk 0:00:56]} Kd5
{[%clk 0:00:48]} 65. Rh5 {[%clk 0:01:05]} Ra2+ {[%clk 0:00:55]} 66. Kd1
{[%clk 0:01:14]} Ke4 {[%clk 0:01:01]} 67. Bd2 {[%clk 0:00:47]} Nc4
{[%clk 0:00:50]} 68. Bh6 {[%clk 0:00:51]} Kd3 {[%clk 0:00:55]} 69. Bg7
{[%clk 0:00:44]} Ra1# {[%clk 0:00:58]} 0-1

[Event "AsianNationCup2018-WomenRapid"]
[Site "?"]
[Date "2018.07.27"]
[Round "4.3"]
[White "Nguyen, Thi Mai Hung"]
[Black "Karavade, Eesha"]
[Result "1/2-1/2"]
[BlackElo "2356"]
[WhiteElo "2278"]
[LiveChessVersion "1.4.8"]

1. d4 {[%clk 0:15:18]} Nf6 {[%clk 0:15:17]} 2. Nf3 {[%clk 0:15:26]} g6
{[%clk 0:15:24]} 3. g3 {[%clk 0:15:15]} Bg7 {[%clk 0:15:31]} 4. Bg2
{[%clk 0:15:23]} c5 {[%clk 0:15:39]} 5. c3 {[%clk 0:14:27]} cxd4 {[%clk 0:15:39]}
6. cxd4 {[%clk 0:14:35]} d5 {[%clk 0:15:47]} 7. O-O {[%clk 0:14:43]} O-O
{[%clk 0:15:55]} 8. Nc3 {[%clk 0:14:45]} Ne4 {[%clk 0:16:03]} 9. e3
{[%clk 0:13:08]} Nxc3 {[%clk 0:15:53]} 10. bxc3 {[%clk 0:13:16]} Nc6
{[%clk 0:15:36]} 11. Nd2 {[%clk 0:11:58]} Na5 {[%clk 0:13:05]} 12. Ba3
{[%clk 0:11:52]} Bf5 {[%clk 0:13:01]} 13. Rc1 {[%clk 0:11:55]} Rc8
{[%clk 0:11:22]} 14. Qe2 {[%clk 0:11:15]} Re8 {[%clk 0:11:08]} 15. Qb5 e5
{[%clk 0:10:20]} 16. c4 {[%clk 0:09:59]} dxc4 {[%clk 0:09:31]} 17. Nxc4 Rxc4
{[%clk 0:09:21]} 18. Rxc4 {[%clk 0:10:06]} Bd7 19. Qd5 Nxc4 {[%clk 0:09:18]} 20.
Qxc4 {[%clk 0:09:42]} Qa5 {[%clk 0:08:32]} 21. Ra1 {[%clk 0:08:02]} Rc8
{[%clk 0:06:52]} 22. Qb3 Bc6 {[%clk 0:06:55]} 23. Bb4 {[%clk 0:07:12]} Qb5
{[%clk 0:06:55]} 24. Qa3 {[%clk 0:06:10]} Bd7 {[%clk 0:05:25]} 25. h3
{[%clk 0:05:23]} Rc2 {[%clk 0:04:29]} 26. Rc1 {[%clk 0:04:42]} Qc4
{[%clk 0:04:29]} 27. Rxc2 {[%clk 0:04:42]} Qxc2 28. Qc3 {[%clk 0:04:30]} Qxc3
{[%clk 0:04:30]} 29. Bxc3 {[%clk 0:04:39]} Bc6 {[%clk 0:04:39]} 30. Bb4 a6
{[%clk 0:04:09]} 31. Kf1 {[%clk 0:03:55]} f5 {[%clk 0:04:12]} 32. Ke1
{[%clk 0:03:58]} Kf7 {[%clk 0:04:18]} 33. Kd2 {[%clk 0:03:52]} Ke6
{[%clk 0:04:22]} 34. Bf1 {[%clk 0:03:26]} Bd5 {[%clk 0:04:24]} 35. Kc3
{[%clk 0:03:34]} Bf6 {[%clk 0:04:28]} 36. Be2 Bd8 {[%clk 0:04:05]} 37. Bf1
{[%clk 0:03:23]} Bc7 {[%clk 0:04:09]} 38. Be2 {[%clk 0:03:31]} Bd8
{[%clk 0:03:42]} 39. Bd1 {[%clk 0:03:23]} Bc7 {[%clk 0:03:49]} 1/2-1/2

[Event "AsianNationCup2018-WomenRapid"]
[Site "?"]
[Date "2018.07.27"]
[Round "4.4"]
[White "Vaishali, R"]
[Black "Luong, Phuong Hanh"]
[Result "1-0"]
[BlackElo "2173"]
[WhiteElo "2062"]
[LiveChessVersion "1.4.8"]

1. Nf3 {[%clk 0:15:13]} Nf6 {[%clk 0:15:19]} 2. c4 {[%clk 0:15:22]} g6
{[%clk 0:15:28]} 3. Nc3 {[%clk 0:15:29]} d5 {[%clk 0:15:37]} 4. cxd5
{[%clk 0:15:34]} Nxd5 {[%clk 0:15:46]} 5. h4 {[%clk 0:15:34]} h5 {[%clk 0:15:53]}
6. e4 {[%clk 0:15:20]} Nxc3 {[%clk 0:16:01]} 7. dxc3 {[%clk 0:15:24]} Qxd1+ 8.
Kxd1 {[%clk 0:15:33]} Bg7 {[%clk 0:16:18]} 9. Bf4 {[%clk 0:15:34]} c6
{[%clk 0:16:17]} 10. Ne5 {[%clk 0:13:14]} Be6 {[%clk 0:14:54]} 11. Kc2
{[%clk 0:12:22]} O-O {[%clk 0:14:55]} 12. f3 {[%clk 0:11:01]} a5 {[%clk 0:14:05]}
13. a4 {[%clk 0:07:28]} Na6 {[%clk 0:13:11]} 14. Nc4 {[%clk 0:06:14]} b5
{[%clk 0:08:58]} 15. axb5 {[%clk 0:05:35]} cxb5 {[%clk 0:09:07]} 16. Nb6
{[%clk 0:04:23]} Rad8 {[%clk 0:08:53]} 17. Rxa5 {[%clk 0:04:06]} Nb8
{[%clk 0:07:05]} 18. Bxb5 {[%clk 0:04:10]} f5 {[%clk 0:06:46]} 19. e5
{[%clk 0:04:12]} Kh7 {[%clk 0:06:55]} 20. Ra7 {[%clk 0:04:10]} Rf7
{[%clk 0:07:04]} 21. Rb7 {[%clk 0:04:04]} Bh6 {[%clk 0:07:02]} 22. Bxh6
{[%clk 0:04:11]} Kxh6 {[%clk 0:07:10]} 23. f4 {[%clk 0:04:19]} Rff8
{[%clk 0:07:05]} 24. Rxe7 {[%clk 0:04:25]} Bg8 {[%clk 0:07:05]} 25. Ra1
{[%clk 0:04:29]} Bd5 {[%clk 0:07:05]} 26. Nxd5 {[%clk 0:04:32]} Rxd5
{[%clk 0:07:14]} 27. Raa7 {[%clk 0:04:41]} Rh8 {[%clk 0:07:22]} 28. Rab7
{[%clk 0:04:40]} Rc5 {[%clk 0:07:21]} 29. b4 {[%clk 0:04:46]} Rd5
{[%clk 0:07:26]} 30. Be8 {[%clk 0:04:46]} Rd8 {[%clk 0:07:32]} 31. Bxg6
{[%clk 0:04:48]} Rhg8 {[%clk 0:07:33]} 32. Bxf5 {[%clk 0:04:51]} Rxg2+
{[%clk 0:07:42]} 33. Kb3 {[%clk 0:05:00]} 1-0